Konvansiyonel akciğer radyolojisi : (Record no. 200442949)

MARC details
000 -LEADER
fixed length control field 01008cam a2200313 i 4500
001 - CONTROL NUMBER
control field 200442949
003 - CONTROL NUMBER IDENTIFIER
control field TR-AnTOB
005 - DATE AND TIME OF LATEST TRANSACTION
control field 20240808111759.0
007 - PHYSICAL DESCRIPTION FIXED FIELD--GENERAL INFORMATION
fixed length control field ta
008 - FIXED-LENGTH DATA ELEMENTS--GENERAL INFORMATION
fixed length control field 161215s2009 tu a 000 0 tur d
020 ## - INTERNATIONAL STANDARD BOOK NUMBER
International Standard Book Number 9786054145010
Qualifying information (hardback)
035 ## - SYSTEM CONTROL NUMBER
System control number (OCoLC)
040 ## - CATALOGING SOURCE
Original cataloging agency SULEY
Language of cataloging eng
Transcribing agency SULEY
Modifying agency TR-AnTOB
Description conventions rda
041 0# - LANGUAGE CODE
Language code of text/sound track or separate title Türkçe
060 ## - NATIONAL LIBRARY OF MEDICINE CALL NUMBER
Classification number WF 600
Item number A75 2009
096 ## - LOCALLY ASSIGNED NLM-TYPE CALL NUMBER (OCLC)
Classification number WF600
Item number A75 2009
100 1# - MAIN ENTRY--PERSONAL NAME
Personal name Arıyürek, Macit.
9 (RLIN) 143009
Relator term author
245 10 - TITLE STATEMENT
Title Konvansiyonel akciğer radyolojisi :
Remainder of title normal anatomi, değerlendirme, olgu örnekleri /
Statement of responsibility, etc. Prof. Dr. Macit Arıyürek.
246 3# - VARYING FORM OF TITLE
Title proper/short title Akciğer radyolojisi
264 #1 - PRODUCTION, PUBLICATION, DISTRIBUTION, MANUFACTURE, AND COPYRIGHT NOTICE
Place of production, publication, distribution, manufacture Bahçelievler, Ankara :
Name of producer, publisher, distributor, manufacturer Poyraz Tıbbi Yayıncılık,
Date of production, publication, distribution, manufacture, or copyright notice 2009.
300 ## - PHYSICAL DESCRIPTION
Extent 195 pages :
Other physical details illustrations ;
Dimensions 26 cm
336 ## - CONTENT TYPE
Content type term text
Content type code txt
Source rdacontent
337 ## - MEDIA TYPE
Media type term unmediated
Media type code n
Source rdamedia
338 ## - CARRIER TYPE
Carrier type term volume
Carrier type code nc
Source rdacarrier
650 #0 - SUBJECT ADDED ENTRY--TOPICAL TERM
Topical term or geographic name entry element Lungs
General subdivision Radiography
9 (RLIN) 143085
Topical term or geographic name entry element Chest
General subdivision Radiography
9 (RLIN) 77320
942 ## - ADDED ENTRY ELEMENTS (KOHA)
Source of classification or shelving scheme National Library of Medicine
Koha item type Book
Holdings
Withdrawn status Lost status Source of classification or shelving scheme Not for loan Collection code Home library Current library Shelving location Date acquired Source of acquisition Inventory number Total Checkouts Full call number Barcode Date last seen Copy number Date shelved Koha item type
    National Library of Medicine Ödünç Verilemez-Kurumiçi kullanım / Not for loan-For inhouse use Tıp Koleksiyonu Tıp Fakültesi Medikal Kütüphane TOBB ETÜ Memorial Afiliasyon Kütüphanesi Tıp Koleksiyonu / Medical Collection 15/04/2021 Bağış / Donation TIP   WF 600 A75 2009 MemAfK TF00108 13/08/2021 2 13/08/2021 Book
    National Library of Medicine Ödünç Verilemez-Kurumiçi kullanım / Not for loan-For inhouse use Tıp Koleksiyonu Tıp Fakültesi Medikal Kütüphane Tıp Fakültesi Medikal Kütüphane Tıp Koleksiyonu / Medical Collection 15/08/2023 Bağış / Donation TIP   WF 600 A75 2009 TıpFaK TF00521 15/09/2023 1 15/08/2023 Book
Devinim Yazılım Eğitim Danışmanlık tarafından Koha'nın orjinal sürümü uyarlanarak geliştirilip kurulmuştur.